<?xml version="1.0" encoding="UTF-8"?>
<record
    xmlns:xsi="http://www.w3.org/2001/XMLSchema-instance"
    xsi:schemaLocation="http://www.loc.gov/MARC21/slim http://www.loc.gov/standards/marcxml/schema/MARC21slim.xsd"
    xmlns="http://www.loc.gov/MARC21/slim">

  <leader>02438cam a2200349 i 4500</leader>
  <controlfield tag="003">SA-RiAUC</controlfield>
  <controlfield tag="005">20241124134820.0</controlfield>
  <controlfield tag="008">241123s2009____su     f      001 0 ara c</controlfield>
  <datafield tag="024" ind1="0" ind2=" ">
    <subfield code="a">00000000276752</subfield>
  </datafield>
  <datafield tag="040" ind1=" " ind2=" ">
    <subfield code="a">SA-MaHRM</subfield>
    <subfield code="b">ara</subfield>
    <subfield code="c">SA-RiAUC</subfield>
    <subfield code="d">KAC</subfield>
    <subfield code="e">rda</subfield>
  </datafield>
  <datafield tag="082" ind1="0" ind2="4">
    <subfield code="a">254.1</subfield>
    <subfield code="q">SA-RiAUC</subfield>
  </datafield>
  <datafield tag="090" ind1=" " ind2=" ">
    <subfield code="a">254.1 </subfield>
    <subfield code="b">  &#x627; &#x628; &#x646; &#x639;</subfield>
  </datafield>
  <datafield tag="100" ind1="1" ind2=" ">
    <subfield code="a">&#x627;&#x628;&#x646; &#x627;&#x644;&#x639;&#x645;&#x627;&#x62F;&#x60C; &#x623;&#x62D;&#x645;&#x62F; &#x628;&#x646; &#x639;&#x645;&#x627;&#x62F; &#x628;&#x646; &#x64A;&#x648;&#x633;&#x641;&#x60C;</subfield>
    <subfield code="d">750-808 &#x647;&#x62C;&#x631;&#x64A;</subfield>
    <subfield code="e">&#x645;&#x624;&#x644;&#x641;.</subfield>
  </datafield>
  <datafield tag="245" ind1="1" ind2="0">
    <subfield code="a">&#x62A;&#x648;&#x642;&#x64A;&#x641; &#x627;&#x644;&#x62D;&#x643;&#x627;&#x645; &#x639;&#x644;&#x649; &#x63A;&#x648;&#x627;&#x645;&#x636; &#x627;&#x644;&#x623;&#x62D;&#x643;&#x627;&#x645; /</subfield>
    <subfield code="c">&#x62A;&#x623;&#x644;&#x64A;&#x641; &#x627;&#x644;&#x625;&#x645;&#x627;&#x645; &#x623;&#x62D;&#x645;&#x62F; &#x628;&#x646; &#x639;&#x645;&#x627;&#x62F; &#x627;&#x644;&#x623;&#x642;&#x641;&#x647;&#x633;&#x64A; &#x627;&#x644;&#x634;&#x627;&#x641;&#x639;&#x64A; &#x61B; &#x62F;&#x631;&#x627;&#x633;&#x629; &#x648;&#x62A;&#x62D;&#x642;&#x64A;&#x642; &#x62E;&#x627;&#x644;&#x62F; &#x628;&#x646; &#x632;&#x64A;&#x62F; &#x628;&#x646; &#x647;&#x630;&#x627;&#x644; &#x627;&#x644;&#x62C;&#x628;&#x644;&#x64A;.</subfield>
  </datafield>
  <datafield tag="250" ind1=" " ind2=" ">
    <subfield code="a">&#x627;&#x644;&#x637;&#x628;&#x639;&#x629; &#x627;&#x644;&#x623;&#x648;&#x644;&#x649;.</subfield>
  </datafield>
  <datafield tag="264" ind1=" " ind2="1">
    <subfield code="a">&#x627;&#x644;&#x62F;&#x645;&#x627;&#x645;&#x60C; &#x627;&#x644;&#x633;&#x639;&#x648;&#x62F;&#x64A;&#x629; &#x61B;</subfield>
    <subfield code="a">&#x627;&#x644;&#x631;&#x64A;&#x627;&#x636; &#x61B;</subfield>
    <subfield code="a">&#x627;&#x644;&#x623;&#x62D;&#x633;&#x627;&#x621;&#x60C; &#x627;&#x644;&#x633;&#x639;&#x648;&#x62F;&#x64A;&#x629; &#x61B;</subfield>
    <subfield code="a">&#x62C;&#x62F;&#x629;&#x60C; &#x627;&#x644;&#x633;&#x639;&#x648;&#x62F;&#x64A;&#x629; &#x61B;</subfield>
    <subfield code="a">&#x628;&#x64A;&#x631;&#x648;&#x62A; &#x61B;</subfield>
    <subfield code="a">&#x627;&#x644;&#x642;&#x627;&#x647;&#x631;&#x629;&#x60C;</subfield>
    <subfield code="b">&#x62F;&#x627;&#x631; &#x627;&#x628;&#x646; &#x627;&#x644;&#x62C;&#x648;&#x632;&#x64A; &#x644;&#x644;&#x646;&#x634;&#x631; &#x648;&#x627;&#x644;&#x62A;&#x648;&#x632;&#x64A;&#x639;&#x60C;</subfield>
    <subfield code="c">[2009]</subfield>
  </datafield>
  <datafield tag="300" ind1=" " ind2=" ">
    <subfield code="a">782 &#x635;&#x641;&#x62D;&#x629; &#x61B;</subfield>
    <subfield code="c">24 &#xD7; 17 &#x633;&#x645;.</subfield>
  </datafield>
  <datafield tag="336" ind1=" " ind2=" ">
    <subfield code="a">&#x646;&#x635;</subfield>
    <subfield code="b">txt</subfield>
    <subfield code="2">rdacontent</subfield>
    <subfield code="3">&#x643;&#x62A;&#x627;&#x628;</subfield>
  </datafield>
  <datafield tag="337" ind1=" " ind2=" ">
    <subfield code="a">&#x628;&#x62F;&#x648;&#x646; &#x648;&#x633;&#x64A;&#x637;</subfield>
    <subfield code="b">n</subfield>
    <subfield code="2">rdamedia</subfield>
  </datafield>
  <datafield tag="338" ind1=" " ind2=" ">
    <subfield code="a">&#x645;&#x62C;&#x644;&#x62F;</subfield>
    <subfield code="b">nc</subfield>
    <subfield code="2">rdacarrier</subfield>
  </datafield>
  <datafield tag="490" ind1="1" ind2=" ">
    <subfield code="a">&#x631;&#x633;&#x627;&#x626;&#x644; &#x62C;&#x627;&#x645;&#x639;&#x64A;&#x629; &#x61B;</subfield>
    <subfield code="v">81</subfield>
  </datafield>
  <datafield tag="500" ind1=" " ind2=" ">
    <subfield code="a">&#x643;&#x634;&#x627;&#x641; : &#x635;&#x641;&#x62D;&#x629; 726.</subfield>
  </datafield>
  <datafield tag="504" ind1=" " ind2=" ">
    <subfield code="a">&#x628;&#x628;&#x644;&#x64A;&#x648;&#x62C;&#x631;&#x627;&#x641;&#x64A;&#x629; : &#x635;&#x641;&#x62D;&#x629; 727-755.</subfield>
  </datafield>
  <datafield tag="505" ind1="0" ind2=" ">
    <subfield code="a">&#x627;&#x644;&#x645;&#x62D;&#x62A;&#x648;&#x64A;&#x627;&#x62A; : &#x627;&#x644;&#x641;&#x635;&#x644; &#x627;&#x644;&#x623;&#x648;&#x644; : &#x627;&#x644;&#x62A;&#x639;&#x631;&#x64A;&#x641; &#x628;&#x627;&#x628;&#x646; &#x639;&#x645;&#x627;&#x62F;-&#x627;&#x644;&#x641;&#x635;&#x644; &#x627;&#x644;&#x62B;&#x627;&#x646;&#x64A; : &#x627;&#x644;&#x62A;&#x639;&#x631;&#x64A;&#x641; &#x628;&#x643;&#x62A;&#x627;&#x628; &#x62A;&#x648;&#x642;&#x64A;&#x641; &#x627;&#x644;&#x623;&#x62D;&#x643;&#x627;&#x645;-&#x627;&#x644;&#x641;&#x635;&#x644; &#x627;&#x644;&#x62B;&#x627;&#x644;&#x62B; : &#x641;&#x64A; &#x645;&#x648;&#x627;&#x646;&#x639; &#x627;&#x644;&#x646;&#x643;&#x627;&#x62D;-&#x627;&#x644;&#x641;&#x635;&#x644; &#x627;&#x644;&#x631;&#x627;&#x628;&#x639; : &#x641;&#x64A; &#x62A;&#x639;&#x64A;&#x64A;&#x646; &#x627;&#x644;&#x632;&#x648;&#x62C;&#x64A;&#x646;-&#x627;&#x644;&#x641;&#x635;&#x644; &#x627;&#x644;&#x62E;&#x627;&#x645;&#x633; : &#x64A;&#x634;&#x62A;&#x631;&#x637; &#x641;&#x64A; &#x627;&#x644;&#x632;&#x648;&#x62C;&#x629; &#x623;&#x646; &#x62A;&#x643;&#x648;&#x646; &#x645;&#x639;&#x644;&#x648;&#x645;&#x629; &#x627;&#x644;&#x62D;&#x644; &#x641;&#x64A; &#x62D;&#x627;&#x644;&#x629; &#x627;&#x644;&#x639;&#x642;&#x62F;-&#x627;&#x644;&#x641;&#x635;&#x644; &#x627;&#x644;&#x633;&#x627;&#x62F;&#x633; : &#x641;&#x64A; &#x627;&#x644;&#x62E;&#x635;&#x627;&#x644; &#x627;&#x644;&#x645;&#x633;&#x62A;&#x62D;&#x628;&#x629; &#x641;&#x64A; &#x627;&#x644;&#x645;&#x646;&#x643;&#x648;&#x62D;&#x629; ...-&#x627;&#x644;&#x641;&#x635;&#x644; &#x627;&#x644;&#x62E;&#x627;&#x645;&#x633; &#x648;&#x627;&#x644;&#x623;&#x631;&#x628;&#x639;&#x648;&#x646; : &#x641;&#x64A;&#x645;&#x627; &#x64A;&#x641;&#x633;&#x642; &#x628;&#x647; &#x627;&#x644;&#x634;&#x627;&#x647;&#x62F; &#x648;&#x62A;&#x631;&#x62F; &#x628;&#x647; &#x634;&#x647;&#x627;&#x62F;&#x62A;&#x647; ... &#x648;&#x645;&#x648;&#x636;&#x648;&#x639;&#x627;&#x62A; &#x623;&#x62E;&#x631;&#x649;.</subfield>
  </datafield>
  <datafield tag="650" ind1=" " ind2="7">
    <subfield code="a">&#x627;&#x644;&#x641;&#x642;&#x647; &#x627;&#x644;&#x634;&#x627;&#x641;&#x639;&#x64A;</subfield>
    <subfield code="2">aucsh</subfield>
  </datafield>
  <datafield tag="650" ind1=" " ind2="7">
    <subfield code="a">&#x627;&#x644;&#x632;&#x648;&#x627;&#x62C; (&#x641;&#x642;&#x647; &#x625;&#x633;&#x644;&#x627;&#x645;&#x64A;)</subfield>
    <subfield code="2">aucsh</subfield>
  </datafield>
  <datafield tag="700" ind1="1" ind2=" ">
    <subfield code="a">&#x627;&#x644;&#x62C;&#x628;&#x644;&#x64A;&#x60C; &#x62E;&#x627;&#x644;&#x62F; &#x628;&#x646; &#x632;&#x64A;&#x62F; &#x628;&#x646; &#x647;&#x630;&#x627;&#x644;</subfield>
    <subfield code="e">&#x645;&#x62D;&#x642;&#x642;.</subfield>
  </datafield>
  <datafield tag="700" ind1="1" ind2="2">
    <subfield code="i">&#x62A;&#x62D;&#x642;&#x64A;&#x642; &#x644;&#x640; (&#x639;&#x645;&#x644;) :</subfield>
    <subfield code="a">&#x627;&#x628;&#x646; &#x627;&#x644;&#x639;&#x645;&#x627;&#x62F;&#x60C; &#x623;&#x62D;&#x645;&#x62F; &#x628;&#x646; &#x639;&#x645;&#x627;&#x62F; &#x628;&#x646; &#x64A;&#x648;&#x633;&#x641;&#x60C;</subfield>
    <subfield code="d">750-808 &#x647;&#x62C;&#x631;&#x64A;.</subfield>
    <subfield code="t">&#x62A;&#x648;&#x642;&#x64A;&#x641; &#x627;&#x644;&#x62D;&#x643;&#x627;&#x645; &#x639;&#x644;&#x649; &#x63A;&#x648;&#x627;&#x645;&#x636; &#x627;&#x644;&#x623;&#x62D;&#x643;&#x627;&#x645;.</subfield>
  </datafield>
  <datafield tag="830" ind1=" " ind2="2">
    <subfield code="a">&#x627;&#x644;&#x631;&#x633;&#x627;&#x626;&#x644; &#x627;&#x644;&#x62C;&#x627;&#x645;&#x639;&#x64A;&#x629; (&#x62F;&#x627;&#x631; &#x627;&#x628;&#x646; &#x627;&#x644;&#x62C;&#x648;&#x632;&#x64A; &#x644;&#x644;&#x646;&#x634;&#x631; &#x648;&#x627;&#x644;&#x62A;&#x648;&#x632;&#x64A;&#x639;)</subfield>
    <subfield code="v">81</subfield>
  </datafield>
  <datafield tag="942" ind1=" " ind2=" ">
    <subfield code="2">ddc</subfield>
    <subfield code="c">BOOK</subfield>
    <subfield code="n">0</subfield>
  </datafield>
  <datafield tag="949" ind1=" " ind2=" ">
    <subfield code="a">SA-JeALM</subfield>
    <subfield code="d">241123</subfield>
    <subfield code="u">mohamedma123</subfield>
    <subfield code="n">1</subfield>
  </datafield>
  <datafield tag="952" ind1=" " ind2=" ">
    <subfield code="0">0</subfield>
    <subfield code="1">0</subfield>
    <subfield code="2">ddc</subfield>
    <subfield code="4">0</subfield>
    <subfield code="7">0</subfield>
    <subfield code="a">WAHAB</subfield>
    <subfield code="b">WAHAB</subfield>
    <subfield code="d">2024-11-24</subfield>
    <subfield code="l">0</subfield>
    <subfield code="o">254.1  &#x627; &#x628; &#x646; &#x639;</subfield>
    <subfield code="p">000004216</subfield>
    <subfield code="r">2024-11-24 13:57:57</subfield>
    <subfield code="w">2024-11-24</subfield>
    <subfield code="y">BOOK</subfield>
  </datafield>
  <datafield tag="952" ind1=" " ind2=" ">
    <subfield code="0">0</subfield>
    <subfield code="1">0</subfield>
    <subfield code="2">ddc</subfield>
    <subfield code="4">0</subfield>
    <subfield code="7">0</subfield>
    <subfield code="a">WAHAB</subfield>
    <subfield code="b">WAHAB</subfield>
    <subfield code="d">2025-08-15</subfield>
    <subfield code="l">0</subfield>
    <subfield code="o">254.1 &#x627; &#x628; &#x646; &#x639;</subfield>
    <subfield code="p">000017538</subfield>
    <subfield code="r">2025-08-15 11:25:06</subfield>
    <subfield code="w">2025-08-15</subfield>
    <subfield code="y">BOOK</subfield>
  </datafield>
  <datafield tag="999" ind1=" " ind2=" ">
    <subfield code="c">2718</subfield>
    <subfield code="d">2718</subfield>
  </datafield>
</record>
